[Event "Mecklenburg VP LL 1617"]
[Site "Mecklenburg VP"]
[Date "2017.02.26"]
[Round "6.1"]
[White "Csillag, Istvan"]
[Black "Kalhorn, Stefan"]
[Result "0-1"]
[WhiteElo "1986"]
[BlackElo "2074"]
[PlyCount "124"]
[EventDate "2016.10.16"]
[EventType "team-tourn"]
[EventRounds "9"]
[EventCountry "GER"]
[SourceTitle "EXT 2022"]
[Source "ChessBase"]
[SourceDate "2021.10.06"]
[SourceVersion "1"]
[SourceVersionDate "2021.10.06"]
[SourceQuality "1"]
[WhiteTeam "Neubrandenburg SG Eintracht"]
[BlackTeam "Greifswald II"]
[WhiteTeamCountry "GER"]
[BlackTeamCountry "GER"]

1. d4 d5 2. Nf3 Nf6 3. c4 e6 4. Nc3 Be7 5. Bf4 0-0 6. h3 c5 7. cxd5 exd5 8. e3 Nc6 9. Be2 a6 10. a4 Bf5 11. 0-0 Rc8 12. Rc1 c4 13. Ne5 h6 14. g4 Bh7 15. Nxc6 Rxc6 16. Bf3 Qa5 17. Be5 Rd8 18. Bg2 Bd3 19. f4 Ne4 20. Nxe4 dxe4 21. f5 Bg5 22. Re1 Qb4 23. d5 Rxd5 24. Bc3 Qd6 25. Qd2 Qg3 26. Qf2 Qxf2+ 27. Kxf2 Bh4+ 28. Kg1 Bxe1 29. Rxe1 h5 30. Kf2 h4 31. Ra1 f6 32. Kg1 b6 33. Kf2 Rc8 34. Bd4 Rb8 35. Ke1 Rd7 36. Kd2 Kf7 37. Kc3 Rd5 38. Kb4 g6 39. fxg6+ Kxg6 40. Rd1 Rg5 41. Rd2 a5+ 42. Ka3 b5 43. axb5 Rbxb5 44. Rf2 f5 45. Rf4 fxg4 46. hxg4 Bb1 47. Bc3 Rb3+ 48. Ka4 Bc2 49. Bxe4+ Bxe4 50. Rxe4 Rb6 51. Rf4 Rd5 52. Bd4 Rb7 53. Ka3 h3 54. Rf2 Rh7 55. Rh2 Kg5 56. Bc3 Kxg4 57. e4 Rd3 58. Ka4 Re3 59. Kxa5 Rxe4 60. Kb5 Rh5+ 61. Kc6 Kg3 62. Rh1 h2 0-1

[Event "Oberliga Nord O 1617"]
[Site "Germany"]
[Date "2016.10.16"]
[Round "1.6"]
[White "Kalhorn, Stefan"]
[Black "Dettmann, Holger"]
[Result "1-0"]
[WhiteElo "2138"]
[BlackElo "2028"]
[PlyCount "73"]
[EventDate "2016.10.16"]
[EventType "team-tourn"]
[EventRounds "9"]
[EventCountry "GER"]
[SourceTitle "EXT 2018"]
[Source "ChessBase"]
[SourceDate "2017.10.13"]
[SourceVersion "1"]
[SourceVersionDate "2017.10.13"]
[SourceQuality "1"]
[WhiteTeam "Greifswald"]
[BlackTeam "Guestrow/Teterow"]
[WhiteTeamCountry "GER"]
[BlackTeamCountry "GER"]

1. d4 Nf6 2. c4 b6 3. Nf3 Bb7 4. Nc3 g6 5. d5 Bg7 6. e4 0-0 7. Be2 d6 8. Be3 c5 9. Nd2 e6 10. 0-0 exd5 11. cxd5 Ba6 12. Bxa6 Nxa6 13. Nc4 Nc7 14. a4 Nce8 15. Bg5 Qd7 16. h3 h6 17. Bf4 Rb8 18. Qb3 g5 19. Bh2 Nh5 20. e5 Nf4 21. Rfe1 dxe5 22. Nxe5 Qf5 23. Nc6 Rb7 24. Ne7+ Rxe7 25. Rxe7 Nd6 26. Re3 Bd4 27. Bxf4 gxf4 28. Rf3 Re8 29. Nb5 Ne4 30. Nxd4 cxd4 31. Qd3 Qxd5 32. Rxf4 f5 33. g4 Ng5 34. Rxf5 Qd6 35. h4 Re3 36. Qc4+ Kg7 37. hxg5 1-0

[Event "Oberliga Nord O 1415"]
[Site "Germany"]
[Date "2015.03.15"]
[Round "8.4"]
[White "Kalhorn, Stefan"]
[Black "Anibar, Ahmed"]
[Result "0-1"]
[WhiteElo "2159"]
[BlackElo "2268"]
[PlyCount "116"]
[EventDate "2014.09.21"]
[EventType "team-tourn"]
[EventRounds "9"]
[EventCountry "GER"]
[SourceTitle "EXT 2016"]
[Source "ChessBase"]
[SourceDate "2015.10.08"]
[SourceVersion "1"]
[SourceVersionDate "2015.10.08"]
[SourceQuality "1"]
[WhiteTeam "Greifswald"]
[BlackTeam "Berlin Tegel II"]
[WhiteTeamCountry "GER"]
[BlackTeamCountry "GER"]

1. d4 Nf6 2. c4 g6 3. Nc3 Bg7 4. e4 0-0 5. Nf3 c6 6. Be2 d5 7. e5 Ne4 8. Qb3 Nxc3 9. bxc3 dxc4 10. Bxc4 b5 11. Be2 Be6 12. Qc2 Nd7 13. a4 bxa4 14. 0-0 c5 15. Qxa4 Nb6 16. Qb5 cxd4 17. cxd4 Bd7 18. Qa5 Bc6 19. Ba3 Qd7 20. Bc5 Nd5 21. Qd2 a5 22. Rxa5 Rxa5 23. Qxa5 Nf4 24. Bd1 Nxg2 25. Kxg2 Qg4+ 26. Kh1 Bxf3+ 27. Bxf3 Qxf3+ 28. Kg1 Qg4+ 29. Kh1 Qf3+ 30. Kg1 Ra8 31. Qd2 e6 32. Qg5 Rc8 33. Ra1 h6 34. Qc1 g5 35. Ra3 Qg4+ 36. Rg3 Qxd4 37. Bxd4 Rxc1+ 38. Kg2 Rc4 39. Rd3 Kh7 40. Kf3 Kg6 41. Ke4 f6 42. Rc3 Ra4 43. Ke3 fxe5 44. Bb6 Rh4 45. Rc6 Kf5 46. Bd8 Rh3+ 47. Ke2 Bf6 48. Bc7 Rxh2 49. Rc3 Rh4 50. Rf3+ Kg6 51. Re3 Kf5 52. Rf3+ Rf4 53. Rh3 Bg7 54. Rd3 Rc4 55. Rd7 Bf6 56. Rf7 Kg6 57. Rd7 h5 58. Kd3 Rd4+ 0-1

[Event "Oberliga Nord O 1314"]
[Site "Germany"]
[Date "2013.12.15"]
[Round "4.7"]
[White "Jahnz, Fabian"]
[Black "Kalhorn, Stefan"]
[Result "1-0"]
[WhiteElo "2226"]
[BlackElo "2188"]
[PlyCount "123"]
[EventDate "2013.10.13"]
[EventType "team-tourn"]
[EventRounds "9"]
[EventCountry "GER"]
[SourceTitle "EXT 2015"]
[Source "ChessBase"]
[SourceDate "2014.11.20"]
[SourceVersion "1"]
[SourceVersionDate "2014.11.20"]
[SourceQuality "1"]
[WhiteTeam "Koenig Tegel II"]
[BlackTeam "Greifswald"]
[WhiteTeamCountry "GER"]
[BlackTeamCountry "GER"]

1. e4 e5 2. Nf3 Nc6 3. Bc4 Bc5 4. c3 Nf6 5. d3 a6 6. 0-0 Ba7 7. Nbd2 d6 8. Bb3 0-0 9. h3 Be6 10. Re1 Bxb3 11. axb3 d5 12. Qe2 dxe4 13. dxe4 Qd7 14. Nc4 Qe6 15. Bg5 h6 16. Bxf6 Qxf6 17. Red1 Rad8 18. Rd5 Rfe8 19. Rad1 Rc8 20. g3 Qe6 21. Kg2 f6 22. b4 Ne7 23. R5d2 Nc6 24. Nh4 Kh7 25. Nf5 Rcd8 26. Rd5 Rxd5 27. Rxd5 Ne7 28. Nxe7 Rxe7 29. Qd3 b5 30. Na5 Qb6 31. Qf3 Qe6 32. Nb7 Qc8 33. Nd8 c6 34. Rd6 Bb8 35. Rd2 Re8 36. Qf5+ Qxf5 37. exf5 Re7 38. Nxc6 Rb7 39. Rd8 Ba7 40. Ra8 Bb6 41. Rxa6 g6 42. fxg6+ Kxg6 43. Ne7+ Kf7 44. Nc8 Bc7 45. Ra7 Rxa7 46. Nxa7 Ke6 47. Nxb5 Bd8 48. Kf3 f5 49. Ke2 h5 50. f3 Kd5 51. b3 Be7 52. Nc7+ Kc6 53. Ne6 Bf6 54. c4 Kd6 55. Nc5 Kc6 56. Nd3 Kd6 57. b5 h4 58. gxh4 Bxh4 59. Nb4 Kc5 60. Nd5 Bd8 61. b6 Kc6 62. b4 1-0

[Event "Oberliga Nord O 1314"]
[Site "Germany"]
[Date "2013.10.13"]
[Round "1.7"]
[White "Kalhorn, Stefan"]
[Black "Wiedersich, Jens"]
[Result "1/2-1/2"]
[WhiteElo "2188"]
[BlackElo "2118"]
[PlyCount "47"]
[EventDate "2013.10.13"]
[EventType "team-tourn"]
[EventRounds "9"]
[EventCountry "GER"]
[SourceTitle "EXT 2015"]
[Source "ChessBase"]
[SourceDate "2014.11.20"]
[SourceVersion "1"]
[SourceVersionDate "2014.11.20"]
[SourceQuality "1"]
[WhiteTeam "Greifswald"]
[BlackTeam "Oberschoeneweide"]
[WhiteTeamCountry "GER"]
[BlackTeamCountry "GER"]

1. d4 Nf6 2. c4 c5 3. d5 b5 4. Nf3 bxc4 5. Nc3 d6 6. e4 g6 7. Bxc4 Bg7 8. e5 dxe5 9. Nxe5 0-0 10. 0-0 Ba6 11. Bxa6 Nxa6 12. Nc6 Qd7 13. Qe2 Nb4 14. Qxe7 Rfe8 15. Qxd7 Nxd7 16. a3 Nc2 17. Ra2 a6 18. b3 Nd4 19. b4 cxb4 20. axb4 Nb6 21. Nxd4 Bxd4 22. Ne2 Be5 23. Rd1 Rad8 24. d6 1/2-1/2

[Event "Mecklenburg VP LL 0910"]
[Site "Mecklenburg VP"]
[Date "2010.01.24"]
[Round "5.2"]
[White "Kalhorn, Stefan"]
[Black "Woller, Roland"]
[Result "1-0"]
[WhiteElo "2135"]
[BlackElo "2032"]
[PlyCount "153"]
[EventDate "2009.10.18"]
[EventType "team-tourn"]
[EventRounds "9"]
[EventCountry "GER"]
[SourceTitle "EXT 2016"]
[Source "ChessBase"]
[SourceDate "2015.10.08"]
[SourceVersion "1"]
[SourceVersionDate "2015.10.08"]
[SourceQuality "1"]
[WhiteTeam "Greifswald II"]
[BlackTeam "Neubrandenburg SG Eintracht"]
[WhiteTeamCountry "GER"]
[BlackTeamCountry "GER"]

1. d4 f5 2. Nc3 d5 3. Bf4 Nf6 4. e3 c6 5. Bd3 Qb6 6. a3 e6 7. h3 c5 8. Nb5 Na6 9. c4 cxd4 10. exd4 dxc4 11. Bxc4 Qc6 12. Be2 Bd7 13. Be5 Be7 14. Rc1 Qd5 15. Nc3 Qa5 16. Nf3 0-0 17. 0-0 Qb6 18. b4 Rac8 19. Qb3 Nc7 20. Bc4 a5 21. Rfe1 axb4 22. Bxc7 Qxc7 23. Bxe6+ Kh8 24. Bxd7 Qxd7 25. axb4 Ne4 26. Nd5 Rxc1 27. Rxc1 Bd6 28. Ne3 Qb5 29. Qd5 Qe2 30. Rc2 Qd3 31. Qc4 Qa3 32. Ra2 Qc3 33. Qxc3 Nxc3 34. Ra7 b5 35. Ng5 Bb8 36. Rb7 Ne2+ 37. Kf1 Nxd4 38. Nd5 h6 39. Nf3 Nxf3 40. gxf3 Rc8 41. Rxb5 Rc1+ 42. Kg2 Ba7 43. Rb7 Bd4 44. Ne7 Rc2 45. Nxf5 Bxf2 46. Kf1 g6 47. Nxh6 Bd4 48. Ng4 Rb2 49. b5 Kg8 50. Rd7 Bc5 51. Nf6+ Kf8 52. Rd5 Be3 53. Ng4 Bf4 54. Ne5 Be3 55. Nc4 Rb3 56. Nxe3 Rxe3 57. Kf2 Rb3 58. Kg3 Ke7 59. h4 Ke6 60. Rg5 Kf6 61. Rc5 Ke6 62. h5 gxh5 63. Rxh5 Rb1 64. b6 Kf6 65. Rh6+ Kg5 66. Rc6 Rg1+ 67. Kf2 Rb1 68. Ke3 Rb3+ 69. Ke4 Rb4+ 70. Ke5 Rb3 71. f4+ Kg4 72. Kd6 Rh3 73. b7 Rh6+ 74. Kc7 Rh7+ 75. Kb6 Rh8 76. Ka7 Rh7 77. Ka8 1-0

[Event "Mecklenburg VP LL 0910"]
[Site "Mecklenburg VP"]
[Date "2009.11.15"]
[Round "2.1"]
[White "Kalhorn, Stefan"]
[Black "Kliewe, Hans Juergen"]
[Result "1-0"]
[WhiteElo "2135"]
[BlackElo "2030"]
[PlyCount "127"]
[EventDate "2009.10.18"]
[EventType "team-tourn"]
[EventRounds "9"]
[EventCountry "GER"]
[SourceTitle "EXT 2016"]
[Source "ChessBase"]
[SourceDate "2015.10.08"]
[SourceVersion "1"]
[SourceVersionDate "2015.10.08"]
[SourceQuality "1"]
[WhiteTeam "Greifswald II"]
[BlackTeam "Wismar ASV Gruen-Weiss"]
[WhiteTeamCountry "GER"]
[BlackTeamCountry "GER"]

1. d4 d5 2. c4 c6 3. Nf3 Nf6 4. e3 Bg4 5. Qb3 Qb6 6. Ne5 e6 7. c5 Qc7 8. Nc3 Bf5 9. f4 Be7 10. Be2 Ne4 11. Bf3 Nxc3 12. bxc3 f6 13. g4 fxe5 14. gxf5 e4 15. Bh5+ Kd7 16. fxe6+ Kxe6 17. c4 Rd8 18. Rb1 b6 19. cxd5+ cxd5 20. 0-0 g6 21. cxb6 axb6 22. Qxb6+ Qxb6 23. Rxb6+ Kf7 24. Bg4 Rxa2 25. Be6+ Kf8 26. Bxd5 Rxd5 27. Rxb8+ Kf7 28. Rb1 Rh5 29. Rb2 Ra3 30. Bd2 Rd3 31. Ra1 Rd5 32. Kf2 g5 33. fxg5 Bxg5 34. Ke2 h6 35. Rb6 R5xd4 36. Ra7+ Ke8 37. Re6+ Kf8 38. exd4 Rxd2+ 39. Ke1 Rxd4 40. Rb6 Rd8 41. Rbb7 e3 42. Ke2 Kg8 43. h4 Rd2+ 44. Kf3 Rf2+ 45. Kg3 Bf4+ 46. Kg4 Bd6 47. Rg7+ Kh8 48. Rh7+ Kg8 49. Rxh6 e2 50. Rg6+ Kh8 51. Re6 Bb4 52. Re8+ Bf8 53. Rae7 Rf1 54. Rxe2 Kg7 55. Ra8 Bd6 56. Ra7+ Kf6 57. Ra6 Rf4+ 58. Kh5 Rf5+ 59. Kh6 Rd5 60. Rf2+ Ke5 61. Kg6 Ke4 62. h5 Bc5 63. Re6+ Kd3 64. Rf5 1-0

[Event "Mecklenburg VP LL 0304"]
[Site "Mecklenburg VP"]
[Date "2004.04.25"]
[Round "9.5"]
[White "Kalhorn, Stefan"]
[Black "Glawe, Hartmut"]
[Result "1/2-1/2"]
[WhiteElo "2053"]
[BlackElo "2006"]
[PlyCount "49"]
[EventDate "2003.09.28"]
[EventType "team-tourn"]
[EventRounds "9"]
[EventCountry "GER"]
[SourceTitle "EXT 2005"]
[Source "ChessBase"]
[SourceDate "2004.11.15"]
[SourceVersion "1"]
[SourceVersionDate "2004.11.15"]
[SourceQuality "1"]
[WhiteTeam "Greifswald"]
[BlackTeam "Stralsund"]
[WhiteTeamCountry "GER"]
[BlackTeamCountry "GER"]

1. d4 d5 2. c4 c6 3. Nf3 Nf6 4. e3 e6 5. Nbd2 Nbd7 6. Bd3 Bd6 7. 0-0 0-0 8. b3 Re8 9. Bb2 e5 10. dxe5 Nxe5 11. Be2 dxc4 12. Nxc4 Nxc4 13. Bxc4 Bg4 14. Be2 Qe7 15. Nd4 Bxe2 16. Qxe2 Qe4 17. Qc2 Qh4 18. h3 Be5 19. Nf3 Qh5 20. Bxe5 Rxe5 21. Nxe5 Qxe5 22. Rad1 Nd5 23. Qd2 h6 24. Qd4 Qe7 25. g3 1/2-1/2